| 000 | 00615nam a2200193 a 4500 | ||
|---|---|---|---|
| 001 | 000047169 | ||
| 005 | 20201002053420.0 | ||
| 008 | 150130s2017 dr ac 000 0 spa d | ||
| 020 | _a9789945124279 | ||
| 040 |
_aDO-SdBNP _bspa _cBNPHU |
||
| 082 |
_axxxx _bxxxx |
||
| 100 | 1 |
_aEspín Grullón, Rafael Antonio _974941 |
|
| 245 | 1 | 0 |
_aMatemática 2 : _bsecundaria / _cRafael Antonio Espín Grullón. |
| 260 |
_aSanto Domingo : _bSusaeta, _c2017. |
||
| 300 |
_av. : _bil., retrs. ; _c29 cm. |
||
| 500 | _aEnfoque por competencias nuevo currículo | ||
| 504 | _aBibliografía : p. 183 | ||
| 590 | _aInventariado, 2018/LP | ||
| 999 |
_c46657 _d46657 |
||